Bratislava privítala vzácnych hostí Kambodžská delegácia na návšteve hlavného mesta Slovenska

Bibliographic Details
Format: Article
Language:Slovak
Subjects:

MARC

LEADER 00000nab a2200000 a 4500
001 vtls000070677
003 SK-MaSNL
005 20260304165923.0
008 111103c1980 xo 0 slo
015 |a SNBRB19rr/mm-uuuuu 
035 |a CL0080778 
040 |a SNKBUCL  |b slo  |c SNKBUCL  |e AACR2 
041 0 |a slo 
044 |a xo  |c SK 
080 |a 327(437)  |2 1981 
080 |a 327(100)  |2 1981 
245 0 0 |a Bratislava privítala vzácnych hostí  |b Kambodžská delegácia na návšteve hlavného mesta Slovenska 
650 0 7 |a ČSSR  |2 snkbucl  |9 335647 
651 7 |a Kambodža  |2 snkbucl  |9 26424 
655 7 |a články z novín a časopisov  |2 snkbucl  |9 267496 
773 0 |t Pravda  |g Roč. 61, č. 276 (21. 11. 1980), s. 1-2 
850 |a Slovenská národná knižnica v Martine  |a MTA001 
852 |a SNK  |b KIS3GCP 
958 |a RK 
992 |a RBX 
999 |c 2986152  |d 2988082